|
|
|
|
| LEADER |
00000aam a2200000 a 4500 |
| 001 |
vtls008316180 |
| 003 |
SK-MaSNL |
| 005 |
20260301182630.0 |
| 008 |
180813s1968 xo a b 000 1 slo |
| 015 |
|
|
|a SNBA1968/07-01370
|
| 035 |
|
|
|a SK01SNK19680008397
|
| 035 |
|
|
|a SKM000010860
|
| 040 |
|
|
|a SNK
|b slo
|c SNK
|e AACR2
|
| 041 |
1 |
|
|a slo
|h fre
|
| 044 |
|
|
|a xo
|
| 072 |
|
7 |
|a 821.133.1
|x Francúzska literatúra, francúzsky písaná
|2 konspekt
|
| 080 |
|
|
|a 821.133.1
|2 2011
|
| 080 |
|
|
|a (0:82-34)
|2 2011
|
| 100 |
1 |
|
|a Vildrac, Charles,
|d 1882-1971
|4 aut
|9 224338
|
| 240 |
1 |
0 |
|a Les lunettes du lion
|l Slovensky
|
| 245 |
1 |
0 |
|a Levove okuliare
|c Charles Vildrac ; z franc. orig. (Les lunettes du lion ...) prel. Jozef Brandobur ; ilustr. Luděk Maňásek
|
| 260 |
|
|
|a Bratislava
|b Mladé letá
|c 1968
|e Martin
|f Tlačiarne SNP
|
| 300 |
|
|
|a 99, [3] s.
|c 8°
|
| 490 |
1 |
|
|a Zlatý kľúčik
|
| 500 |
|
|
|a Pozn. Frontispice. Predsádky
|
| 521 |
|
|
|a Pre čitateľov od 9 rokov
|
| 563 |
|
|
|a 7000 výtl.
|
| 650 |
0 |
7 |
|a francúzska literatúra
|2 SNKPH
|9 1186
|
| 650 |
0 |
7 |
|a French literature
|2 SNKPHeng
|9 317034
|
| 655 |
|
7 |
|a rozprávky
|2 SNKPH
|9 70597
|
| 655 |
|
7 |
|a Fairy tales
|2 SNKPHeng
|9 265887
|
| 700 |
1 |
|
|a Brandobur, Jozef,
|d 1908-1976
|4 aut
|9 105079
|
| 700 |
1 |
|
|a Maňásek, Luděk,
|d 1929-2003
|4 ill
|9 238848
|
| 830 |
|
0 |
|a Zlatý kľúčik
|9 307616
|
| 852 |
|
|
|a Slovenská národná knižnica v Martine
|b 10000
|h SC 24017
|
| 852 |
|
|
|a Slovenská národná knižnica v Martine
|b 10000
|h SC 24017 D1
|
| 852 |
|
|
|a Štátna vedecká knižnica v Banskej Bystrici
|
| 919 |
|
|
|a viaz.
|
| 958 |
|
|
|a OND
|
| 958 |
|
|
|a TL
|
| 958 |
|
|
|a DB
|
| 958 |
|
|
|a UP
|
| 958 |
|
|
|a LX
|
| 958 |
|
|
|a FR
|
| 958 |
|
|
|a RK
|
| 999 |
|
|
|c 854313
|d 856243
|
| 952 |
|
|
|a SNK
|b SNK
|y VYP
|7 0
|p 17A0519028
|o snkSC 24017 D1
|i snkKSP 4473/68
|0 0
|1 0
|4 0
|d 2006-08-15
|l 0
|r 2026-02-24 04:52:11
|w 2026-02-24
|
| 952 |
|
|
|a SNK
|b SNK
|y PREZ
|7 0
|p 17A0920811
|o snkSC 24017
|0 0
|1 0
|4 0
|d 2012-08-28
|l 0
|r 2025-08-20 00:00:00
|w 2026-02-24
|